[Event "SN-2014-0-00600"]
[Site "LSS email"]
[Date "2014.05.31"]
[Round "?"]
[White "Vega, Joaquin"]
[Black "Newton, Daryl"]
[Result "1-0"]
[WhiteElo "800"]
[BlackElo "532"]
[PlyCount "35"]
[EventDate "2014.05.21"]
[EventType "tourn (corr)"]
[EventRounds "6"]
[EventCountry "GER"]
[SourceTitle "Corr 2015"]
[Source "ChessBase"]
[SourceDate "2015.07.17"]
[SourceVersion "1"]
[SourceVersionDate "2015.07.17"]
[SourceQuality "1"]

1. d4 d5 2. Nf3 Nc6 3. Bf4 e6 4. e3 Nf6 5. a3 Bd6 6. Bxd6 Qxd6 7. Bd3 h5 8. Nc3 e5 9. dxe5 Nxe5 10. Nb5 Qe7 11. Nxe5 Qxe5 12. h3 Ne4 13. Bxe4 Qxe4 14. Nxc7+ Ke7 15. Nxd5+ Kf8 16. Nc7 Rb8 17. Qd8+ Qe8 18. Qxe8# 1-0